skbl

Dr Suryya Kumar Bhuyan Library Web-OPAC
ডঃ সূৰ্য্য
কুমাৰ ভূঞা পুথিভঁৰাল ৱেব-অ'পেক

All Research Scholars are advised to clear the annual library fees to continue using Library Resources, Remote Access, Plagiarism Test and Library Clearance.

Cotton University Book Fair 2026

Abnau Abi Bakr Al-Siddique (Record no. 66732)

MARC details
000 -LEADER
fixed length control field 00456nam a2200181Ia 4500
001 - CONTROL NUMBER
control field 65632
008 - FIXED-LENGTH DATA ELEMENTS--GENERAL INFORMATION
fixed length control field 220908n ii |||gr||||Z||||||297
082 ## - DEWEY DECIMAL CLASSIFICATION NUMBER
Classification number 892.7
100 ## - MAIN ENTRY--PERSONAL NAME
Personal name Jawdah.
245 #0 - TITLE STATEMENT
Title Abnau Abi Bakr Al-Siddique
Statement of responsibility, etc. By Abdul Hamid Jawdah
Medium Textual Documents
250 ## - EDITION STATEMENT
Edition statement First.
260 ## - PUBLICATION, DISTRIBUTION, ETC.
Name of publisher, distributor, etc. Nadwi Publication
300 ## - PHYSICAL DESCRIPTION
Extent 40pg:
Dimensions 23cm.
653 ## - INDEX TERM--UNCONTROLLED
Uncontrolled term Arabic
653 ## - INDEX TERM--UNCONTROLLED
Uncontrolled term Abnau Abi Bakr Al-Siddique
653 ## - INDEX TERM--UNCONTROLLED
Uncontrolled term G-Arabic
942 ## - ADDED ENTRY ELEMENTS (KOHA)
Source of classification or shelving scheme Dewey Decimal Classification
Koha item type Books
Holdings
Withdrawn status Lost status Damaged status Not for loan Collection Home library Current library Shelving location Date acquired Coded location qualifier Cost, normal purchase price Total checkouts Full call number Barcode Date last seen Copy number Price effective from Koha item type
          Dr. Suryya Kumar Bhuyan Library Dr. Suryya Kumar Bhuyan Library   08/09/2022 00000 295.00   892.7 Ja 11 Ab 3834/cu/arab 14/01/2024 1 08/09/2022 Books

Designed and Maintained by Team SKBL
©1901-2026

Powered by Koha